Catálogo

A los jóvenes / (Registro nro. 63622)

Detalles MARC
000 -LEADER
fixed length control field 00807nam a2200241 a 4500
001 - CONTROL NUMBER
control field 63622
005 - DATE AND TIME OF LATEST TRANSACTION
control field 20180714070129.0
008 - FIXED-LENGTH DATA ELEMENTS--GENERAL INFORMATION
fixed length control field 150928s2011 sp r 000 0 spa d
020 ## - INTERNATIONAL STANDARD BOOK NUMBER
International Standard Book Number 978-84-9715-220-4
082 0# - DEWEY DECIMAL CLASSIFICATION NUMBER
Classification number 248.47
Item number BAS
100 1# - MAIN ENTRY--PERSONAL NAME
Personal name Basilio
Titles and words associated with a name Santo, Obispo de Cesarea
Dates associated with a name aproximadamente 329-379.
245 10 - TITLE STATEMENT
Title A los jóvenes /
Statement of responsibility, etc. Basilio; Francisco Antonio García Romero.
250 ## - EDITION STATEMENT
Edition statement [Primera edición]
264 #1 - PRODUCTION, PUBLICATION, DISTRIBUTION, MANUFACTURE, AND COPYRIGHT NOTICE
Place of production, publication, distribution, manufacture España :
Name of producer, publisher, distributor, manufacturer Editorial Ciudad Nueva,
Date of production, publication, distribution, manufacture, or copyright notice 2011
300 ## - PHYSICAL DESCRIPTION
Extent 124 páginas ;
Dimensions 21 cm.
336 ## - CONTENT TYPE
Content type term texto
Source rdacontent
337 ## - MEDIA TYPE
Media type term sin mediación
Source rdamedia
338 ## - CARRIER TYPE
Carrier type term volumen
Source rdacarrier
490 0# - SERIES STATEMENT
Series statement Biblioteca de Patrística
Volume/sequential designation 83
650 #4 - SUBJECT ADDED ENTRY--TOPICAL TERM
Topical term or geographic name entry element Jóvenes
General subdivision Vida religiosa
650 #4 - SUBJECT ADDED ENTRY--TOPICAL TERM
Topical term or geographic name entry element Ascetismo
700 1# - ADDED ENTRY--PERSONAL NAME
Personal name García Romero, Francisco Antonio
Relator term traductor
Existencias
Withdrawn status Lost status Source of classification or shelving scheme Damaged status Not for loan Collection code Home library Current library Shelving location Date acquired Source of acquisition Inventory number Total Checkouts Full call number Barcode Date last seen Price effective from Koha item type
    Dewey Decimal Classification     General Biblioteca Karol Wojtyla Biblioteca Karol Wojtyla Sala general 28/09/2015 Compra 151000000000000000056535   248.47 BAS 2011 94529 05/01/2026 17/11/2015 Libro